| 000 | 00755nam a2200241 4500 | ||
|---|---|---|---|
| 003 | OSt | ||
| 005 | 20140310181946.0 | ||
| 008 | 121128t xxu||||| |||| 00| 0 eng d | ||
| 020 | _a9780891076001 | ||
| 050 |
_aPZ 7 _b.H465 1989 |
||
| 082 |
_aGS 823 _bD36h 1989 |
||
| 245 |
_aHeidi / _cretold by Anne de graaf from Johanna Spyri's classic story ; illustrsted by Chris Molan. |
||
| 260 |
_aWheaton, III : _bCrossway Books, _cc1989. |
||
| 300 |
_a92 p. : _c25 cm. _bcol. ill, ; |
||
| 541 | _j1 | ||
| 562 | _e1 | ||
| 650 |
_aGrandfathers _xFiction _921482 |
||
| 650 |
_aMountain life _xFiction _921483 |
||
| 650 |
_aOrphans _xFiction _921484 |
||
| 650 |
_aSwitzerland _xFiction _921485 |
||
| 650 |
_aMolan, Chris _921486 |
||
| 942 |
_2lcc _cBK-GS |
||
| 999 |
_c7770 _d7770 |
||